Statistieken voor Nederland van A tot Z

Klik hier om de quiz te nemen!

Algemene statistieken

  • Deze quiz is 237 keer genomen
  • De gemiddelde score is 19 van 23

Antwoordstatistieken

LetterTipAntwoord% Correct
AHoofdstad van NederlandAmsterdam
100%
EMuntheenheid in NederlandEuro
97%
ONationale kleur van NederlandOranje
97%
BVoormalige koningin van NederlandBeatrix
96%
TNationale bloem van NederlandTulp
96%
RGrootste haven van EuropaRotterdam
94%
UNederlandse provincie waarvan de hoofdplaats dezelfde naam draagtUtrecht
94%
WHuidige koning van NederlandWillem-Alexander
94%
MBelangrijkste rivier van NederlandMaas
93%
VNederlands schilder die zijn oor afsneedVincent Van Gogh
93%
SNaam van de nationale luchthavenSchiphol
92%
F"Nieuwste" provincie van NederlandFlevoland
91%
DIn deze stad zetelt de regeringDen Haag
89%
KNationale luchtvaartmaatschappij en tevens de oudste ter wereldKLM
88%
IGrootste meer van NederlandIJsselmeer
79%
HHistorische naam van NederlandHolland
76%
GHiervan heeft Nederland er 355Gemeente
74%
JSterke drank die veel gedronken wordtJenever
72%
ZMegahit van Blof en Geike Aernaert en tevens een dorp in ZeelandZoutelande
68%
LArtiest die in 2019 het Eurovisiesongfestival won voor NederlandDuncan Laurence
66%
NNederlandse openbare omroepNOS
55%
CPlopsa Indoor Nederland is in deze gemeente gevestigdCoevorden
43%
PNederland heeft veel van dit soort ondergronden of landschapselementenPolders
31%

Scoreverdeling

Percentiel versus Aantal Correcte Antwoorden

Procent van Mensen met Elke Score

Uw Scoregeschiedenis

U heeft deze quiz nog niet genomen